000 00521nam a2200205 a 4500
001 BRCA_6124
005 20190320205337.0
008 110412s1860----fr-#######---#000-0#fre-#
041 _afre
044 _afr
050 4 _aPQ2409
_b.M5
_c1860
245 1 0 _aLe Marquis de Villemer.
_cGeorge Sand.
260 _aParĂ­s
_bCalmann-Levy
_c1860
300 _a379 p.
_c18 cm.
500 _aI29
650 1 4 _aLiteratura francesa
_vNovela
_915456
650 1 4 _aSand, George.
_y1804-1876.
_915457
902 _aGFM
942 _2lcc
_cB
999 _c5811
_d5811